000 00819nam a2200205 i 4500
001 189998
003 ES-MaACL
005 20230906223619.0
008 200304s1975 sp |||| | spa d
080 _a343.2(46)(043.2)
100 1 _aQuintero Olivares, Gonzalo.
_994727
245 1 3 _aEl alzamiento de bienes en el derecho penal español /
_cpor Gonzalo Quintero Olivares.
260 _aBarcelona :
_b[Universidad, Facultad de Derecho],
_c1975.
300 _a10 p. ;
_c24 cm.
502 _aTesis-Univ. Barcelona (Extracto)
594 _aPrecede al tít.: Universidad de Barcelona. Secretariado de Publicaciones, Intercambio Científico y Extensión Universitaria.
650 4 _aAlzamiento de bienes.
_9156359
710 2 _aUniversidad de Barcelona.
_bFacultad de Derecho.
_97147
852 4 _aES-MaACL
_jP-1414-18
999 _c189998
_d189998